Charaktere mit roten Haaren - Sudden Death - Statistiken

Allgemein
  • Dieses Quiz wurde 1.353 mal gespielt
  • Das Durchschnittsergebnis liegt bei 6 aus 15
Answers on the Grid
Answers color-coded by a green-red scale on the quiz's grid according to % correct below.
Alfredo Linguini
Arielle
Batgirl
Barney Geröllheimer
Bibi Blocksberg
Cruella de Vil
Danny Phantom
Daphne Blake
Elsa von Arendelle
Fiona (Shrek)
Grinch
Haudrauf der Stoische
Heidi
Jimmy Neutron
Kevin McCallister
Madame Medusa
Maja die Biene
Merida
Mogli
Obelix
Phineas Flynn
Pippi Langstrumpf
Prinzessin Lillifee
Pumuckl
Ron Weasley
Timmy Turner
Tina Martin
Toph Bei Fong
Woody
Yosemite Sam
 
Antwortstatistiken
Antwort % Korrekt
Arielle
90%
Pippi Langstrumpf
64%
Fiona (Shrek)
60%
Pumuckl
59%
Ron Weasley
59%
Obelix
51%
Merida
46%
Phineas Flynn
34%
Alfredo Linguini
20%
Daphne Blake
20%
Batgirl
19%
Haudrauf der Stoische
16%
Tina Martin
16%
Madame Medusa
11%
Yosemite Sam
11%
Keine übereinstimmenden Quizze gefunden
Verteilung der Resultate
Anzahl Personen mit jedem Resultat
Perzentil nach korrekt beantworteten Fragen
Ihre Resultats-Entwicklung
Sie haben dieses Quiz noch nicht gespielt